|
|
|
|
| LEADER |
00000nam0a2200000 4500 |
| 001 |
209157 |
| 005 |
20231101225521.0 |
| 010 |
|
|
|a 9785703834398
|
| 035 |
|
|
|a (RuTPU)RU\TPU\book\228471
|
| 090 |
|
|
|a 209157
|
| 100 |
|
|
|a 20120209d2011 m y0rusy50 ca
|
| 101 |
0 |
|
|a rus
|
| 102 |
|
|
|a RU
|
| 105 |
|
|
|a a j 001zy
|
| 200 |
1 |
|
|a Многопроцессорные вычислительные системы: теоретический анализ, математические модели и применение
|e учебное пособие для вузов
|f А. М. Андреев, Г. П. Можаров, В. В. Сюзев
|
| 210 |
|
|
|a Москва
|c Изд-во МГТУ
|d 2011
|
| 215 |
|
|
|a 332 с.
|c ил.
|
| 225 |
1 |
|
|a Информатика в техническом университете
|
| 320 |
|
|
|a Библиогр.: с. 328-330.
|
| 330 |
|
|
|a Рассмотрены вопросы выбора структуры, методы расчета и оптимизации структур многопроцессорных вычислительных систем (ВС). С единых позиций исследовано влияние структурных характеристик ВС на пропускную способность, производительность, стоимость и ряд других системных характеристик. Изложена спектральная теория графов: зависимости между спектральными и структурными свойствами графов, спектрами и группами автоморфизмов, характеризация графов посредством их спектров и др. ()писаны алгоритмы выбора конкретных структур ВС, приведены примеры применения этих алгоритмов, даны практические рекомендации для проектирования ВС. Основное внимание уделено выбору надежной и отказоустойчивой структуры многопроцессорных ВС. Содержание учебного пособия соответствует курсам лекций, читаемых в МГТУ им. Н.Э. Баумана. Для студентов старших курсов высших технических учебных заведений и аспирантов, обучающихся по направлениям системотехники, автоматизации технологических процессов и производств, а также для системных аналитиков и научных работников.
|
| 606 |
1 |
|
|a Вычислительные системы многопроцессорные
|2 stltpush
|3 (RuTPU)RU\TPU\subj\4355
|9 32637
|
| 610 |
1 |
|
|a структурная характеристика
|
| 610 |
1 |
|
|a структура
|
| 610 |
1 |
|
|a расчеты
|
| 610 |
1 |
|
|a оптимизация
|
| 610 |
1 |
|
|a графы
|
| 610 |
1 |
|
|a спектры
|
| 610 |
1 |
|
|a вычислительные процессы
|
| 610 |
1 |
|
|a моделирование
|
| 610 |
1 |
|
|a тупиковые ситуации
|
| 610 |
1 |
|
|a разрешение
|
| 610 |
1 |
|
|a магистральные системы
|
| 610 |
1 |
|
|a учебные пособия
|
| 675 |
|
|
|a 004.272.43(075.8)
|v 4
|
| 700 |
|
1 |
|a Андреев
|b А. М.
|g Арк Михайлович
|
| 701 |
|
1 |
|a Можаров
|b Г. П.
|g Геннадий Петрович
|
| 701 |
|
1 |
|a Сюзев
|b В. В.
|g Владимир Васильевич
|
| 801 |
|
1 |
|a RU
|b 63413507
|c 20120209
|
| 801 |
|
2 |
|a RU
|b 63413507
|c 20150421
|g RCR
|
| 900 |
|
|
|a Вычислительные сети и системы
|
| 942 |
|
|
|c BK
|
| 952 |
|
|
|b 230100
|
| 959 |
|
|
|a 20/20120209
|d 2
|e 236,50
|f ЧЗТЛ:1
|f АНЛ:1
|